000 00468nam a22001812 4500
001 0000005615
005 20151217160109.0
008 070620s xx 000 0 eng d
040 _aKABU
_cKABU
050 0 _aPZ8.1
_b.E3M68
100 1 _aEkwensi, Cyprian.
_@0000063855
245 1 4 _aThe Motherless baby.
260 _aNairobi :
_bEAEP,
_c1990.
300 _a96 p.
908 _a070620
950 _@1
999 _c14183
_d14183